00553nam a2200229Ia 4500008004100000020001800041050001100059050001600070100002100086245001600107245004000123245001900163260001500182260002900197260000900226300001600235300001300251300001100264650001700275650001600292650001500308170203s9999 xx 000 0 und d a9781455523498 a292.13 b.H217m 1942 aHamilton, Edith. aMythology : btimeless tales of Gods and Heroes / cEdith Hamilton aNew York : bGrand Central Publishing c1942 a352 pages ; b ill. ;  c18 cm. a Mythology,  x Mythology. xClassical.